| 000 | 00674nam a2200229 a 4500 | ||
|---|---|---|---|
| 005 | 20140310183445.0 | ||
| 008 | 080924s19uu xx 00 eng d | ||
| 020 | _a9780071248426 | ||
| 050 |
_aRT 50.5 _b.Sa113 2006 |
||
| 100 | _aSaba, Virginia K. | ||
| 245 |
_aEssentials of nursing informatics / _cVirginia K. Saba. |
||
| 260 |
_aAsia : _bMcGraw-Hill, _c2006. |
||
| 300 |
_a705 p. : _bill. ; _c27 cm. |
||
| 521 | _aNUR | ||
| 650 | _aNursing Books. | ||
| 650 |
_aNursing _xData processing. |
||
| 650 | _aComputers. | ||
| 650 |
_aInformation storage and retrievals systems _xNursing. |
||
| 700 | _aMcCormick, Kathleen A. | ||
| 942 |
_cBK _2lcc _kFOR |
||
| 999 |
_c23207 _d23207 |
||